Aplikácie TinyML vo vnorených systémoch

Salvato in:
Dettagli Bibliografici
Autore principale: Kukhelna, Tetiana (Autore)
Altri autori: Balogh, Richard (Relatore della tesi)
Natura: Manoscritto Libro
Lingua:slovacco
Pubblicazione: Bratislava : STU v Bratislave FEI, 2022
Soggetti:
Accesso online:https://opac.crzp.sk/?fn=detailBiblioFormChildEN3U5&sid=378281AEB05FBF717833C8A6EBFA&seo=CRZP-detail-kniha
Tags: Aggiungi Tag
Nessun Tag, puoi essere il primo ad aggiungerne!!

MARC

LEADER 00000ntm a22000003a 4500
001 stuzp86088
003 SK-STU
005 20230324110633.1
007 ta
008 150427s2015----xo-----f-mn---000-0-slo-d
040 |a STU  |b slo 
041 0 |a slo 
044 |a xo 
100 1 |a Kukhelna, Tetiana  |u 030400  |4 aut  |U FEI Fakulta elektrotechniky a informatiky  |T FEI Ústav automobilovej mechatroniky  |X 93799  |U E400  |Y 642  |7 93799 
242 0 1 |a Applications of TinyML in embedded systems  |y eng 
245 1 0 |a Aplikácie TinyML vo vnorených systémoch 
260 |a Bratislava :  |b STU v Bratislave FEI,  |c 2022 
300 |a 56 s., príl. 
650 4 |a TinyML  |2 slo 
650 4 |a mikrokontrolér  |2 slo 
650 4 |a strojové učenie  |2 slo 
650 4 |a TensorFlow  |2 slo 
650 4 |a Arduino IDE  |2 slo 
650 4 |a Nano 33 BLE Sense  |2 slo 
650 4 |a Arduino IDE  |2 eng 
650 4 |a Nano 33 BLE Sense  |2 eng 
650 4 |a TinyML  |2 eng 
650 4 |a The Microcontroller  |2 eng 
650 4 |a Machine Learning(ML)  |2 eng 
650 4 |a TensorFlow  |2 eng 
700 1 |a Balogh, Richard  |u 030400  |k Z1  |4 ths  |U FEI Fakulta elektrotechniky a informatiky  |T FEI Ústav automobilovej mechatroniky  |X 3706  |U E400  |Y 642  |7 A000003706 
856 4 |u https://opac.crzp.sk/?fn=detailBiblioFormChildEN3U5&sid=378281AEB05FBF717833C8A6EBFA&seo=CRZP-detail-kniha